| 000 | 00503nam a2200205 a 4500 | ||
|---|---|---|---|
| 001 | BRCA_6735 | ||
| 005 | 20190320205554.0 | ||
| 008 | 211011s1922----gw-#######---#000-0#ger-# | ||
| 041 | _ager | ||
| 044 | _agw | ||
| 050 | 4 |
_aCT154 _b.R54 _c1922 |
|
| 245 | 1 | 0 |
_aFuhrende Denker und Forscher _cvon Alois Riehl |
| 260 |
_aLeipzig _bQuelle & Meyer _c1922 |
||
| 300 |
_a240 p. _c21 cm. |
||
| 500 | _aI105 | ||
| 650 | 1 | 4 |
_aFilosofĂa _914906 |
| 650 | 1 | 4 |
_aCientĂficos _916818 |
| 902 | _aGFM | ||
| 942 |
_2lcc _cB |
||
| 999 |
_c6418 _d6418 |
||